Taylor Swift Folklore: complete the lyrics - Statistics

General Stats
  • This quiz has been taken 640 times
  • The average score is 8 of 17
Answer Stats
Lyrics Answer % Correct
Back when we were still changing for the better [...] wanting was enough
74%
Leave the [...] that you picked out just for him perfume on the shelf
65%
'Cause I knew you, playing hide-and-seek and [...] giving me your weekends
63%
Pouring out my heart to a stranger [...] but i didn't pour the whiskey
55%
We never painted by the numbers, baby, [...] but we were making it count
55%
I was nowhere to be found, I hate the crowds, you know that, [...] plus, I saw you dance with him
54%
You knew the hero died, [...]? so what's the movie for
53%
Your braids like a pattern, [...] love you to the moon and to Saturn
51%
Second, third, and hundredth chances, [...] balancing on breaking branches
46%
And blew through the money on [...] the boys and the ballet
41%
You know I didn't want to have to haunt you [...] but what a ghostly scene
39%
I want to watch wisteria grow right over my bare feet [...] 'cause i haven't moved in years
33%
Time, mystical time, cutting me open [...] then healing me fine
32%
And you'll poke that bear till [...] her claws come out
28%
But the rain is always gonna come [...] if you're standing with me
27%
You are not like the regulars [...] the masquerade revelers
27%
Watch you breathing, [...] watch you breathing out
18%
No matching quizzes found
Score Distribution
Percent of People with Each Score
Percentile by Number Answered
Your Score History
You have not taken this quiz